A közúti közlekedés szervezési és vezetési vázlata - IV/5. rész a II. világháborútól az 1970-es évekig : a közúti közlekedés szervezése és problémái - folytatás /

Elmentve itt :
Bibliográfiai részletek
Szerző: Engi József
Dokumentumtípus: Cikk
Megjelent: Belvedere Meridionale Szeged 2001
Sorozat:Belvedere Meridionale 13 No. 5-8
Kulcsszavak:Közlekedés - közúti - Magyarország - 20. sz., Árufuvarozás - közúti - Magyarország - 20. sz.
Tárgyszavak:
Online Access:http://acta.bibl.u-szeged.hu/4835
LEADER 00930nab a2200193 i 4500
001 acta4835
005 20250731143855.0
008 161015s2001 hu o 000 hun d
040 |a SZTE Egyetemi Kiadványok Repozitórium  |b hun 
041 |a hun 
100 1 |a Engi József 
245 1 2 |a A közúti közlekedés szervezési és vezetési vázlata - IV/5. rész   |h [elektronikus dokumentum] :  |b a II. világháborútól az 1970-es évekig : a közúti közlekedés szervezése és problémái - folytatás /  |c  Engi József 
260 |a Belvedere Meridionale  |b Szeged  |c 2001 
300 |a 57-93 
490 0 |a Belvedere Meridionale  |v 13 No. 5-8 
650 4 |a Bölcsészettudományok 
650 4 |a Történettudomány és régészet 
695 |a Közlekedés - közúti - Magyarország - 20. sz., Árufuvarozás - közúti - Magyarország - 20. sz. 
856 4 0 |u http://acta.bibl.u-szeged.hu/4835/1/belvedere_2001_005_008_057-093.pdf  |z Dokumentum-elérés